Més de tres anys al servei de les Comarques / Diputació de Barcelona
Descripción Física:
[35] p. : il. ; 27 cm
MARC
| LEADER | 00000nam a2200000Ia 4500 | ||
|---|---|---|---|
| 001 | 7617 | ||
| 008 | 160829s1976 xx 000 0 cat d | ||
| 080 | |a FU-20-13 | ||
| 110 | 1 | |a Barcelona (Catalunya : Província). |b Diputació |9 52408 | |
| 245 | |a Més de tres anys al servei de les Comarques / Diputació de Barcelona | ||
| 260 | |a Barcelona : |b Diputació, |c 1976 | ||
| 300 | |a [35] p. : |b il. ; |c 27 cm | ||
| 590 | |a Hi ha un duplicat a: DUP-325 | ||
| 650 | 0 | |a Barcelona (Catalunya : Província). Diputació |x Memòries |9 23006 | |
| 901 | |a Arxiu | ||
| 942 | |n 1 | ||
| 952 | |0 0 |1 0 |4 0 |6 FU2013 |7 1 |9 42393 |a Arxiu |b Arxiu |d 2016-12-01 |l 0 |o FU-20-13 |p 7617 |r 2016-12-01 00:00:00 |w 2016-12-01 |y ARXIU | ||
| 999 | |c 44898 |d 44898 | ||